000 00500nam a2200181Ia 4500
008 240925s9999 xx 000 0 und d
020 _a23481110
082 _a371.26 GRO
100 _aGronlund ,Norman E.; Linn ,Robert L.
245 0 _aMeasurement and Evaluation in Teaching
250 _a6th
260 _aNew York:
_bMacmillian Publishing Co
_c,1990.
300 _axiv,530p.
_bNA
_fOriginal
500 _aIncludes Index
600 _aSocial Sciences
650 _aSocial Sciences
942 _cBK
999 _c2539
_d2539